|
|
|
|
| LEADER |
00000nam a2200000 4500 |
| 001 |
vtls012133406 |
| 003 |
SK-MaSNL |
| 005 |
20260301055505.0 |
| 007 |
co cg auuua |
| 008 |
220503s2019 xo | fq 100 0 eng |
| 015 |
|
|
|a SNBS2024
|
| 020 |
|
|
|a 9788057200420
|q (elektronická kniha)
|
| 040 |
|
|
|a SNK
|b slo
|c SNK
|e rda
|
| 041 |
0 |
|
|a eng
|
| 044 |
|
|
|a xo
|c SK
|
| 072 |
|
7 |
|a 5
|x Prírodné vedy. Matematické vedy
|2 konspekt
|
| 072 |
|
7 |
|a 00
|x Veda. Všeobecnosti. Základy vedy a kultúry. Vedecká práca
|2 konspekt
|
| 080 |
|
|
|a 5
|2 2011
|
| 080 |
|
|
|a 001
|2 2011
|
| 080 |
|
|
|a (062.534)
|2 2011
|
| 080 |
|
|
|a (0.034.44)
|2 2011
|
| 111 |
2 |
|
|a Applied Natural Sciences
|n (7. :
|d 2019 :
|c Tále, Slovensko)
|4 aut
|9 369190
|
| 245 |
1 |
0 |
|a Applied Natural Sciences 2019
|b the 7th international scientific conference : proceedings e-posters, September 25-27, 2019, Tále, Low Tatras, Slovak Republic
|c editors Iveta Dirgová Luptáková - Miroslav Beňo
|
| 246 |
3 |
3 |
|a ANS 2019
|
| 250 |
|
|
|a Edition: 1st
|
| 264 |
|
1 |
|a Trnava
|b University of SS. Cyril and Methodius in Trnava
|c 2019
|
| 300 |
|
|
|a 1 CD-ROM
|b farebný
|c 12 cm
|
| 336 |
|
|
|a text
|b txt
|2 rdacontent
|
| 337 |
|
|
|a počítač
|b c
|2 rdamedia
|
| 338 |
|
|
|a počítačový disk
|b cd
|2 rdacarrier
|
| 347 |
|
|
|a textový súbor
|b PDF
|c 2 rda
|
| 500 |
|
|
|a Názov z titulnej obrazovky
|
| 504 |
|
|
|a Obsahuje bibliografické odkazy
|
| 650 |
0 |
7 |
|a prírodné vedy
|2 SNKPH
|9 694
|
| 650 |
0 |
7 |
|a aplikované vedy
|2 SNKPH
|9 76093
|
| 650 |
0 |
7 |
|a Natural sciences
|2 SNKPHeng
|9 265288
|
| 650 |
0 |
7 |
|a Applied sciences
|2 SNKPHeng
|9 325352
|
| 655 |
|
7 |
|a CD-ROM
|2 SNKPH
|9 70236
|
| 655 |
|
7 |
|a zborníky konferencií
|2 SNKPH
|9 70153
|
| 655 |
|
7 |
|a Proceedings of conferences
|2 SNKPHeng
|9 265791
|
| 700 |
1 |
|
|a Dirgová Luptáková, Iveta,
|d 1977-
|4 edt
|9 369191
|
| 700 |
1 |
|
|a Beňo, Miroslav,
|d 1976-
|4 edt
|9 235780
|
| 710 |
2 |
|
|a Univerzita sv. Cyrila a Metoda v Trnave.
|b Fakulta prírodných vied
|4 pbl
|9 124566
|
| 919 |
|
|
|a 978-80-572-0042-0
|
| 958 |
|
|
|a NB
|
| 999 |
|
|
|c 613472
|d 615402
|
| 952 |
|
|
|a SNK
|b SNK
|y PREZ
|7 0
|p 17A1482330
|o snkSCDM 12279
|i snk2022/6590
|8 0
|0 0
|1 0
|4 0
|d 2022-05-03
|l 0
|r 2026-02-23 16:30:18
|w 2026-02-23
|